Statistiques concernant Culture Générale - Série 66

Cliquez ici pour prendre le quiz!

Statistiques générales

  • Ce quiz a été pris 61 fois
  • Le résultat moyen est 3 sur 10

Statistiques - réponses

Question Réponse % Correct
Supporters de football italiensTifosi
63%
Qu'est-ce qu'un mérinos ?Mouton
61%
Quelle couleur est associée au mot "ponceau" ?Rouge
53%
Qu'est-ce qu'un magot (animal) ?Singe
42%
Ustensile de cuisine, servant à tailler les légumes crus en tranches plus ou moins épaisses.Mandoline
39%
Qu'est-ce qu'un yatagan ?Sabre
25%
Véhicule à deux roues alignées que l'on fait avancer en poussant sur le sol avec ses piedsDraisienne
18%
Roman de Gabriel Chevalier (1934) où le maire fait construire un urinoir juste à côté de l'église, sous les fenêtres de la plus dévotes des paroissiennes.Clochemerle
12%
Comment appelle-t-on le mariage d'un souverain (ou d'un prince) avec une personne d'un rang inférieur, qui est exclue des prérogatives de caste et d'héritage de son époux (de même que les enfants issus de cette union) ?Morganatique
11%
Ile grecque où se trouve le sanctuaire d'Aphrodite, la déesse de la beauté et de l'amourCythère
4%

Distribution des résultats

Percentile by Number Answered

% des personnes avec chaque résultat

Votre développement - résultats

Vous n’avez pas pris ce quiz